00418nam a2200121Ia 4500003000400000005001700004008004100021040001800062041000800080100005900088245011500147260003400262OSt20260120152220.0211028s2014 xx 000 0 und d cAIMIT LIBRARY aeng aBandodkar, Pratik Jai Prakash; James, Justin.g1216089 aStudy on retailers perception towards different soft drinks brands with special reference to N-Jal trik, Goa / aMangalorebJustin Jamesc2014